Aranceles y preferencias en América Latina /

Furkejuvvon:
Bibliográfalaš dieđut
Váldodahkki: López Dardaine, Mauricio
Materiálatiipa: Texto
Fáttát:
Fáddágilkorat: Lasit fáddágilkoriid
Eai fáddágilkorat, Lasit vuosttaš fáddágilkora!

MARC

LEADER 00000 a a2200000 04500
001 13080
003
040
100 |a López Dardaine, Mauricio  
245 |a Aranceles y preferencias en América Latina /  |c Mauricio López Dardaine 
650 |a ARANCELES  
650 |a ACUERDOS ECONOMICOS  
650 |a AMERICA LATINA  
773 |g volumen 5, número 5; páginas 8-10  
999 |c 35931  |d 35931